000 01212nam a22002657a 4500
005 20170124103020.0
010 _aA-927118
020 _c200.00
_a8171193153
035 _aA-927118
037 _bCen Lib/Ret
040 _aDPL
_bHN
082 _a808.1
_bरसचि
245 _aरस चिंतन के विविध आयाम /
_cसंपादक आनंद प्रकाश दीक्षित
246 _aRas chintan ke vividh aayam
_bsampadak Anand Prakash
260 _aनई दिल्ली
_bराधा कृषण प्रकाशन
_c1997
270 _a2/38, अंसारी मार्ग दरिया गंज
_bनई दिल्ली
_e110002
300 _a223पृष्ठ.
_c21सेमी(सजिल्द)
500 _aसन्दर्भ ग्रन्थ सूची शामिल
650 _aहिंदी साहित्य
_960242
650 _aभरतमुनि और रस
_960243
650 _aHindi literature
_960244
650 _aBharatmuni and juice
_960245
700 _aदीक्षित, आनंद प्रकाश
_943519
942 _2ddc
_cHN
_h808.1
_mरसचि
999 _c115171
_d115171